00624nam a2200229 a 4500001001300000003000900013005001700022008004100039020001000080082001500090100001500105245001700120260003200137300000800169500003500177650002200212700001500234902000800249942000700257952011500264999001500379nice12345678IN_TiNIC20260116011627.0050524s1918 teha grp 000 0 urd  ac10000a269.2bCLA aClark, H E aMeezanuddin. aTehranbNo Publisher c1918 a48p aincludes index and biblioraphy aEvangelistic Work1 aClark, H E bSRS cBK 001040708StackRoom-aHMIbHMId2007-07-13g100.00l0o269.2 CLAp04823r2007-07-13v100.00w2005-05-24yBK c2971d2971